| 000 | 00334nam a22001337a 4500 | ||
|---|---|---|---|
| 082 |
_a823 _bKIN/D |
||
| 100 | _aKINNEY,JEFF | ||
| 245 | _aDAIRY OF A WIMPY KID:DOG DAYS | ||
| 246 |
_aDAIRY OF A WIMPY KID:DOG DAYS _bDAIRY OF A WIMPY KID:DOG DAYS |
||
| 260 |
_aU K _bPUFFIN _c2011 |
||
| 300 | _a217 | ||
| 650 | _aENGLISH STORY | ||
| 942 | _cBK | ||
| 999 |
_c9061 _d9061 |
||